Los Esposos Mundet en la vieja Casa de Caridad
Descripción Física:
Il·lustracions
Colección:
San Jorge,
; núm. 16 (octubre 1954), pàg 8-11
Otros Autores:
Català-Roca, Francesc, 1922-1998
Materias:
Gironella i Llovet, Anna, -- 1882-1967
; Mundet Carbó, Artur, -- 1878-1965
; Casa de Caritat (Barcelona, Catalunya)
Idioma:
Español
MARC
| LEADER | 00000naa a2200000 a 4500 | ||
|---|---|---|---|
| 003 | Arxiu | ||
| 005 | 20260324181052.0 | ||
| 008 | 160829s1954 spcaxx s spa c | ||
| 040 | |a AGDB | ||
| 245 | 0 | 4 | |a Los Esposos Mundet en la vieja Casa de Caridad |
| 300 | |b Il·lustracions | ||
| 490 | |a San Jorge, |v núm. 16 (octubre 1954), pàg 8-11 | ||
| 500 | |a Fotografies de Francesc Català Roca | ||
| 600 | 1 | 0 | |a Gironella i Llovet, Anna, |d 1882-1967 |9 54213 |
| 600 | 1 | 0 | |a Mundet Carbó, Artur, |d 1878-1965 |9 55067 |
| 610 | 0 | |a Casa de Caritat (Barcelona, Catalunya) |9 52406 | |
| 700 | 1 | |9 26722 |a Català-Roca, Francesc, |d 1922-1998 |e fotografies | |
| 773 | |g Núm. 16 (octubre 1954), pàg 8-11 |t San Jorge. | ||
| 901 | |a Arxiu | ||
| 942 | |n 1 |2 udc | ||
| 952 | |0 0 |1 0 |4 0 |6 REV509 |7 1 |9 65019 |a Arxiu |b Arxiu |d 2023-01-11 |l 0 |o Rev-509 |r 2023-01-11 00:00:00 |w 2023-01-11 |y ARXIU |z També disponible a Rev-523 | ||
| 999 | |c 57090 |d 57090 | ||